Working condition and living standard of workers (Record no. 89078)

MARC details
000 -LEADER
fixed length control field 00325nam a2200133Ia 4500
008 - FIXED-LENGTH DATA ELEMENTS--GENERAL INFORMATION
fixed length control field 230917s9999||||xx |||||||||||||| ||und||
040 ## - CATALOGING SOURCE
-- 108662
Original cataloging agency VIVEKANANDA LIBRARY
041 ## - Language
-- English
082 ## - DDC NUMBER
Classification number 331.3 S64W
100 ## - MAIN ENTRY--PERSONAL NAME
Personal name Singh, Sunder
245 #0 - TITLE STATEMENT
Title Working condition and living standard of workers
300 ## - PHYSICAL DESCRIPTION
Pages 139 p.
942 ## - ADDED ENTRY ELEMENTS (KOHA)
Koha item type Thesis
Holdings
Withdrawn status Lost status Damaged status Not for loan Location (home branch) Sublocation or collection (holding branch) Date acquired Koha issues (times borrowed) Koha full call number Accession No. Koha date last seen Koha item type
        VIVEKANANDA LIBRARY VIVEKANANDA LIBRARY 08/08/2005   331.3 S64W 169505 17/09/2023 Thesis
© Designed and Maintained by Vivekananda Library, MDU Rohtak